Electrical machines / (Record no. 16241)

MARC details
000 -LEADER
fixed length control field 00894 a2200253 4500
005 - DATE AND TIME OF LATEST TRANSACTION
control field 20080826152110.0
008 - FIXED-LENGTH DATA ELEMENTS--GENERAL INFORMATION
fixed length control field 080826t xxu||||| |||| 00| 0 eng d
010 ## - LCCN (DPL NO)
LC control number ENG-91139
020 ## - INTERNATIONAL STANDARD BOOK NUMBER
International Standard Book Number 9780070669215
Terms of availability 245.00
035 ## - SYSTEM CONTROL NUMBER
System control number EN-74672
037 ## - SOURCE OF ACQUISITION
Source of stock number/acquisition DBAD / PUB
040 ## - CATALOGING SOURCE
Original cataloging agency DPL
Language of cataloging English
082 ## - DEWEY DECIMAL CLASSIFICATION NUMBER
Classification number 621.31042
100 ## - MAIN ENTRY--PERSONAL NAME
Personal name Bhattacharya, S.K.
245 ## - TITLE STATEMENT
Title Electrical machines /
Statement of responsibility, etc by S.K. Bhattacharya
250 ## - EDITION STATEMENT
Edition statement 3rd ed
260 ## - PUBLICATION, DISTRIBUTION, ETC. (IMPRINT)
Place of publication, distribution, etc New Delhi
Name of publisher, distributor, etc Tata McGraw-Hill Publishing
Date of publication, distribution, etc 2009
270 ## - ADDRESS
Address 7 West Patel Nagar
City New Delhi
Postal code 110008
300 ## - PHYSICAL DESCRIPTION
Extent xv, 545 p.:
Dimensions 24 cm (pbk)
Other physical details ill.
500 ## - GENERAL NOTE
General note includes index
650 ## - SUBJECT ADDED ENTRY--TOPICAL TERM
Topical term or geographic name as entry element Electric machinery.
942 ## - ADDED ENTRY ELEMENTS (KOHA)
Institution code [OBSOLETE] dpl
Item type English Books
Source of classification or shelving scheme Dewey Decimal Classification
Call number suffix BHA
Classification part 621.31042
Holdings
Withdrawn status Lost status Source of classification or shelving scheme Damaged status Not for loan Collection code Home library Current library Date acquired Cost, normal purchase price Total Checkouts Full call number Barcode Date last seen Copy number Cost, replacement price Koha item type
    Dewey Decimal Classification   Not For Loan Non-fiction D.B.Act.Division D.B.Act.Division 06/10/2008 245.00   621.31042 BHA EN-74672 06/10/2008 1 245.00 English Books

© Delhi Public Library
Hit Counter
free hit counter